LEADER 01423cam0 2200325 450 001 000002277 005 20180910115603.0 100 $a20001212d1996----km-y0itay50------ba 101 0 $aita 102 $aIT 105 $aa-------001yy 200 1 $a<>imputazione delle mancate risposte nelle indagini con parte panel$eil caso dei redditi familiari della Banca d'Italia$fC. Quintano, R. Castellano, A.A. Romano 210 $a[Napoli]$cRocco Curto$d1996 215 $aX, 249 p.$ctab.$d24 cm 225 2 $aQuaderni di discussione$fIstituto di Statistica e Matematica, Facoltà di economia, Istituto Universitario Navale, Napoli$fdirettore responsabile Claudio Quintano$v10 410 0$12001$aQuaderni di discussione 500 10$a<>imputazione delle mancate risposte nelle indagini con parte panel$952784 610 1 $aInferenza statistica 610 1 $aFamiglie$aRedditi$aRilevazione$aMetodi statistici 676 $a519.54$v20$9Inferenza statistica 700 1$aQuintano,$bClaudio$0551040 701 1$aCastellano,$bRosalia$0101877 701 1$aRomano,$bAntonio Angelo$0313240 801 0$aIT$bUNIPARTHENOPE$gRICA$2UNIMARC 912 $a000002277 951 $a330.015/108$b32552$cNAVA4$d20001219 951 $a330.015/109$b32553$cNAVA4$d20001219 951 $aSSE-330/10$b32554$cNAVA1$d20001214 996 $aImputazione delle mancate risposte nelle indagini con parte panel$952784 997 $aUNIPARTHENOPE LEADER 01604nam1 2200457 450 001 000012785 005 20110131143335.0 100 $a20030505d--------km-y0itay0103----ba 101 0 $aeng 102 $aUS 200 1 $aMethods in carbohydrate chemistry 210 $aNew York [etc.]$cAcademic Press 215 $aVolumi$d24 cm. 463 \1$1001000028158$12001 $aAnalysis and preparation of sugars 463 \1$1001000028159$12001 $aReactions of carbohydrates 463 \1$1001000028160$12001 $aCellulose 463 \1$1001000028162$12001 $aStarch 463 \1$1001000028164$12001 $aGeneral carboydrate methods 463 \1$1001000028165$12001 $aGeneral methods 463 \1$1001000028166$12001 $aGeneral polysaccharides 606 1 $aIdrati di carbonio 676 $a547.78$v(21. ed.)$9Chimica organica. Carboidrati 801 0$aIT$bUniversità della Basilicata - B.I.A.$gRICA$2unimarc 912 $a000012785 996 $aMethods in carbohydrate chemistry$978547 997 $aUNIBAS BAS $aSCIENZE CAT $aSTD017$b01$c20030505$lBAS01$h0949 CAT $aTORRE$b20$c20030512$lBAS01$h1049 CAT $c20050601$lBAS01$h1755 CAT $abatch$b01$c20050718$lBAS01$h1051 CAT $c20050718$lBAS01$h1110 CAT $c20050718$lBAS01$h1140 CAT $c20050718$lBAS01$h1155 CAT $aTTM$b30$c20101216$lBAS01$h1232 CAT $aTTM$b30$c20101216$lBAS01$h1232 CAT $aTTM$b30$c20101216$lBAS01$h1423 CAT $aTTM$b30$c20101216$lBAS01$h1439 CAT $aTTM$b30$c20101220$lBAS01$h1431 CAT $aTTM$b30$c20110131$lBAS01$h1433 FMT